The Party Wall Act explained. (Record no. 100903)
[ view plain ]
| 000 -LEADER | |
|---|---|
| fixed length control field | 00779cam a2200217 4500 |
| 008 - FIXED-LENGTH DATA ELEMENTS--GENERAL INFORMATION | |
| fixed length control field | 000000n2000 000 0 eng u |
| 020 ## - INTERNATIONAL STANDARD BOOK NUMBER | |
| International Standard Book Number | 0117024902 |
| 035 ## - SYSTEM CONTROL NUMBER | |
| System control number | (Sirsi) u109214 |
| 050 ## - LIBRARY OF CONGRESS CALL NUMBER | |
| Classification number | 692.2 |
| 100 ## - MAIN ENTRY--PERSONAL NAME | |
| Personal name | Shaw, William |
| 245 #4 - TITLE STATEMENT | |
| Title | The Party Wall Act explained. |
| 260 ## - PUBLICATION, DISTRIBUTION, ETC. | |
| Place of publication, distribution, etc. | London |
| Name of publisher, distributor, etc. | Stationery Office |
| -- | 2000 |
| 300 ## - PHYSICAL DESCRIPTION | |
| Extent | iv,78p. ; 25cm. |
| 350 ## - PRICE (NR) (BK AM CF MU VM SE) [OBSOLETE] | |
| Price | 25.00 |
| 520 ## - SUMMARY, ETC. | |
| Summary, etc. | The complete text of the Party Wall etc Act 1996 together with a detailed commentary written by a chartered surveyor. The appendices contain notices and examples of letters of appointment, an award and a schedule of condition. |
| 650 ## - SUBJECT ADDED ENTRY--TOPICAL TERM | |
| Topical term or geographic name entry element | PARTY WALL ETC ACT 1996 |
| 650 ## - SUBJECT ADDED ENTRY--TOPICAL TERM | |
| Topical term or geographic name entry element | Party walls |
| 9 (RLIN) | 6258 |
| 650 ## - SUBJECT ADDED ENTRY--TOPICAL TERM | |
| Topical term or geographic name entry element | PARTY WALL NOTICES |
| 690 ## - LOCAL SUBJECT ADDED ENTRY--TOPICAL TERM (OCLC, RLIN) | |
| Topical term or geographic name as entry element | Boundary disputes |
| 9 (RLIN) | 6221 |
| 942 ## - ADDED ENTRY ELEMENTS (KOHA) | |
| Suppress in OPAC | 0 |
| Withdrawn status | Lost status | Source of classification or shelving scheme | Damaged status | Not for loan | Home library | Current library | Shelving location | Date acquired | Cost, normal purchase price | Total Checkouts | Full call number | Barcode | Date last seen | Date last checked out | Copy number | Cost, replacement price | Price effective from | Koha item type |
|---|---|---|---|---|---|---|---|---|---|---|---|---|---|---|---|---|---|---|
| Dewey Decimal Classification | London | London | Books | 25/04/2001 | 25.00 | 40 | 692.2 SHA | 30063929 | 06/08/2019 | 13/09/2007 | 2 | 25.00 | 06/08/2019 | Book |